01356nam a22002655i 450000100090000000300060000900500170001500800410003201000170007302000180009004000230010804200080013108200130013910000240015224501230017626300090029926400510030830000230035933600210038233700250040333800230042850505870045165000250103865000270106318145796GBCCL20241126110621.0140509s2014 nyu 000 0 eng  a 2014940482 a9781940182087 aDLCbengerdacDLC apcc a266bDHA1 aDharmaraj, Glory E.10aTheology of mutuality :ba paradigm for mission in the Twenty-First Century /cGlory E. Dharmaraj, Jacob S. Dharmaraj. a1408 1aNew York, NY :bUnited Methodist Women,c2014. a174 pages ;c23cm. atext2rdacontent aunmediated2rdamedia avolume2rdacarrier aIn 'A Theology of Mutuality: A Paradigm for Mission in the Twenty-first Century', Glory and Jacob Dharmaraj narrate what mutuality should be in the forefront of mission engagement during these changing times and shifting landscapes. Offering biblical and theological insights into mutuality in mission, they respond to the why of mutuality. The book is an invitation to commitment to mutuality, fostering of shared gifts, and integrating mission from the margins. This book is an excellent resource for everyone who is interested in mission engagement in this century. (Back cover). aMissions -- Theory.  aMission of the church.